ADVANCED ACCOUNTANCY VOLUME II (Record no. 82114)

MARC details
000 -LEADER
fixed length control field 00466nam a2200193Ia 4500
003 - CONTROL NUMBER IDENTIFIER
control field OSt
005 - DATE AND TIME OF LATEST TRANSACTION
control field 20260310094529.0
020 ## - INTERNATIONAL STANDARD BOOK NUMBER
International Standard Book Number 81-272-0172-3
040 ## - CATALOGING SOURCE
Transcribing agency LC
050 ## - LIBRARY OF CONGRESS CALL NUMBER
Classification number HF 5635 .J 35 2002 V.1
100 ## - MAIN ENTRY--PERSONAL NAME
Personal name JAIN,S.P.
245 #0 - TITLE STATEMENT
Title ADVANCED ACCOUNTANCY VOLUME II
250 ## - EDITION STATEMENT
Edition statement 13TH REVISED EDITION
260 ## - PUBLICATION, DISTRIBUTION, ETC.
Place of publication, distribution, etc. LUDHIANA,
Name of publisher, distributor, etc. KALYANI PUBLISHERS,
Date of publication, distribution, etc. 2002,
300 ## - PHYSICAL DESCRIPTION
Extent Viii, 1145 P, ILL
650 ## - SUBJECT ADDED ENTRY--TOPICAL TERM
Topical term or geographic name entry element Accounting
700 ## - ADDED ENTRY--PERSONAL NAME
Personal name NARANG K L
942 ## - ADDED ENTRY ELEMENTS (KOHA)
Koha item type Long Loan Book
Source of classification or shelving scheme Library of Congress Classification
Holdings
Withdrawn status Lost status Source of classification or shelving scheme Damaged status Not for loan Collection Home library Current library Shelving location Date acquired Inventory number Total checkouts Full call number Barcode Date last seen Copy number Price effective from Koha item type
    Library of Congress Classification     Arts & Social Sciences Kisii University Library Kisii University Library On Display 09/15/2023 22846   HF 635 .J 35 2022 V.2 004849 09/15/2023 1 09/15/2023 Long Loan Book